| 000 | 00738nam a2200217Ia 4500 | ||
|---|---|---|---|
| 001 | 905 | ||
| 003 | GE_BSU | ||
| 008 | 181216s||||||||xx |||||||||||||| ||und|| | ||
| 040 | _cGE_BSU | ||
| 080 | _a530.1(075.8) | ||
| 245 | _aЗадачник- практикум по теоретической физике. Квантовая механика. | ||
| 245 | _bДля студентов-заочников физико-матемактических факултетов пед. ин-тов | ||
| 260 | _aМосква | ||
| 260 | _bПросвещение | ||
| 260 | _c1982 | ||
| 300 | _a120 с. | ||
| 541 | _h5 л. | ||
| 653 | _aПрактикум по технической физике | ||
| 653 | _aФизика | ||
| 942 | _cBK | ||
| 999 |
_c35065 _d35065 |
||